=LDR 00000nam 2200000 4500 =001 INLIS000000000039367 =005 20130612145010 =008 ***********************************ind** =035 ##$$0010-061300000039367 =041 ##$$a ind =082 ##$$a 686.23 =090 ##$$a 686.23 , Mis, t =100 ##$$a Misrianto, Sapto =245 ##$$a Teknik Dasar Cetak Sablon dan Dijital Printing , Sapto Misrianto =260 ##$$a 2009 $b Yogyakarta =300 ##$$a 72 hlm. , Illus , 23 cm =650 ##$$a PERCETAKAN SABLON =850 ##$$a NBPNMAT